[Event "BRA-ch (Women) 60th"]
[Site "Cuiaba"]
[Date "2021.11.02"]
[Round "9"]
[White "Muraoka, Karoline Aimy"]
[Black "Silveira, Celissa Franco Godo"]
[Result "1-0"]
[WhiteElo "1821"]
[BlackElo "1810"]
[PlyCount "85"]
[EventDate "2021.10.28"]
[EventType "swiss"]
[EventRounds "11"]
[EventCountry "BRA"]
[SourceTitle "CBM 205 Extra"]
[Source "ChessBase"]
[SourceDate "2022.01.31"]
[SourceVersion "1"]
[SourceVersionDate "2022.01.31"]
[SourceQuality "1"]

1. e4 e5 2. Nf3 Nc6 3. Bb5 d6 4. c3 Bd7 5. 0-0 Nf6 6. Re1 a6 7. Ba4 Be7 8. d4 Bg4 9. d5 b5 10. Bc2 Na5 11. b3 0-0 12. Nbd2 c6 13. dxc6 Nxc6 14. h3 Bh5 15. g4 Bg6 16. Nf1 Qd7 17. Ng3 Rad8 18. Nf5 h6 19. N3h4 Nh7 20. Nf3 h5 21. g5 f6 22. gxf6 Bxf6 23. Kh2 Ne7 24. Nxe7+ Qxe7 25. Rg1 Be8 26. Be3 Bd7 27. Qf1 Kh8 28. Qg2 Rf7 29. b4 Be6 30. Bb3 Bxb3 31. axb3 Ra8 32. Qg6 Qf8 33. Qxh5 Kg8 34. Rg2 Raa7 35. h4 Rad7 36. Ng5 Nxg5 37. hxg5 g6 38. Qxg6+ Rg7 39. Qxf6 Rh7+ 40. Kg1 Rdf7 41. Qe6 Rhg7 42. g6 Rxg6 43. Qxg6+ 1-0

[Event "BRA-ch (Women) 60th"]
[Site "Cuiaba"]
[Date "2021.10.28"]
[Round "1"]
[White "Kikuchi Cadilhac, Mariana Sawae"]
[Black "Silveira, Celissa Franco Godo"]
[Result "1-0"]
[WhiteElo "1762"]
[BlackElo "1810"]
[PlyCount "103"]
[EventDate "2021.10.28"]
[EventType "swiss"]
[EventRounds "11"]
[EventCountry "BRA"]
[SourceTitle "CBM 205 Extra"]
[Source "ChessBase"]
[SourceDate "2022.01.31"]
[SourceVersion "1"]
[SourceVersionDate "2022.01.31"]
[SourceQuality "1"]

1. e4 c5 2. Nf3 d6 3. d4 Nd7 4. Be2 e6 5. Nc3 Ne7 6. Be3 Nc6 7. 0-0 Be7 8. d5 exd5 9. Nxd5 0-0 10. Bf4 Nce5 11. Nd2 a6 12. a4 Nf6 13. Ne3 Bd7 14. Bg3 Bc6 15. f4 Ng6 16. Bf3 Qb6 17. Nec4 Qa7 18. f5 Ne5 19. Nxe5 dxe5 20. Bxe5 Rad8 21. Qe1 c4+ 22. Kh1 Qc5 23. Bc3 Nd7 24. Qg3 f6 25. Be2 Ne5 26. Rfd1 Bd6 27. Bxe5 Qxe5 28. Qxe5 Bxe5 29. Bxc4+ Kh8 30. c3 Bf4 31. Nb3 Bxe4 32. Nd4 Rd6 33. Ne6 Rxd1+ 34. Rxd1 Rc8 35. Nxf4 g5 36. Ne6 Bxf5 37. Bb3 Bxe6 38. Bxe6 Rc7 39. Rd8+ Kg7 40. Rd7+ Rxd7 41. Bxd7 b6 42. b4 a5 43. bxa5 bxa5 44. c4 Kf7 45. c5 Ke7 46. c6 Kd8 47. Kg1 Kc7 48. g4 h6 49. Kf2 Kd6 50. Ke3 Kc7 51. Ke4 Kd6 52. Kf5 1-0